01331naa a2200217 a 450000100080000000500110000800800410001910000170006024500340007726000090011130000130012049000310013352007810016465300240094565300240096965300100099365300120100365300100101565300110102577300770103611312632021-09-29 2021 bl uuuu u00u1 u #d1 aALVES, J. R. aArroz.h[electronic resource] c2021 ap. 10-11 a(Epagri. Documentos, 345). aEm Santa Catarina, os pre??os m??dios pagos ao produtor no m??s de maio recuaram 0,55% em rela????o a abril, fechando o m??s em R$87,02/saca de 50 kg. No mercado ga??cho, segundo o Cepea, houve redu????o de 4,35% nos pre??os pagos aos produtores, fechando em R$83,25/saca de 50 kg. Na compara????o dos ??ltimos 12 meses, no mercado catarinense, em termos reais, o pre??o pago ao produtor est?? 16,66% acima daqueles praticados h?? um ano. A manuten????o dos pre??os do arroz em patamares elevados ?? sustentada por alguns fatores: produ????o estabilizada nos ??ltimos anos; consumo interno firme, apesar das dificuldades econ??micas por que passa a popula????o brasileira e, cambio favor??vel ?? exporta????o, que contribuiu para pressionar favoravelmente os pre??os do arroz. aan??lise de marcado aan??lise de mercado aarroz apre??os asafra asafras tIn: Boletim Agropecu??rio - setembro/2021. Florian??polis: Epagri, 2021.